|
|
|
|
| LEADER |
01569cas a2200241 a 4500 |
| 001 |
AALejournalIMF005207 |
| 008 |
230101c9999 xx r poo 0 0eng d |
| 020 |
|
|
|c 5.00 USD
|
| 020 |
|
|
|z 9781451832907
|
| 022 |
|
|
|a 1934-7685
|
| 040 |
|
|
|a BD-DhAAL
|c BD-DhAAL
|
| 110 |
2 |
|
|a International Monetary Fund.
|
| 245 |
1 |
0 |
|a Romania :
|b Selected Issues.
|
| 264 |
|
1 |
|a Washington, D.C. :
|b International Monetary Fund,
|c 2008.
|
| 300 |
|
|
|a 1 online resource (61 pages)
|
| 490 |
1 |
|
|a IMF Staff Country Reports
|
| 500 |
|
|
|a <strong>Off-Campus Access:</strong> No User ID or Password Required
|
| 500 |
|
|
|a <strong>On-Campus Access:</strong> No User ID or Password Required
|
| 506 |
|
|
|a Electronic access restricted to authorized BRAC University faculty, staff and students
|
| 520 |
3 |
|
|a This paper examines Romania's external stability risks. Recent Romanian data indicate high increases in real wages, not matched by comparable productivity gains. Both the government and the National Bank of Romania (NBR) have highlighted the importance of a responsible and stabilizing wage policy for macroeconomic stability in the country current juncture. A three-pronged approach is recommended that encompasses capacity building and improved transparency, a medium-term framework for fiscal policy, and increased use of independent fiscal expertise.
|
| 538 |
|
|
|a Mode of access: Internet
|
| 830 |
|
0 |
|a IMF Staff Country Reports; Country Report ;
|v No. 2008/210
|
| 856 |
4 |
0 |
|z Full text available on IMF
|u http://elibrary.imf.org/view/journals/002/2008/210/002.2008.issue-210-en.xml
|z IMF e-Library
|